01146nam a2200301Ia 450000500170000000800390001702000150005604100080007110000390007924500460011825000260016426400320019030000410022233600270026333700330029033800280032350400420035152100300039365000320042365000310045565000250048694200150051104000350052608400110056199900130057295201300058595201290071520220316235226.0121119s2003 ck a er 000 pdspa a95890125580 aspa1 aJaramillo Agudelo, Darío,d1947-10aPoemas de amorcDarío Jaramillo Agudelo aOnceava reimpresión 1aBogotábEl Áncorac2003 a106 páginasbilustracionesc22 cm. atextobtxt2rdacontent asin mediaciónbn2rdamedia avolumenbnc2rdacarrier aIncluye datos biográficos del autor1 aRecomendado para adultos.142LEMBaLiteratura colombiana142LEMBaPoesía Colombiana 142LEMBaAmorvPoesía 2loccBKLIT aCO-BoRNBPbspaerdacCO-BoRNBP aP JAR1 c283d283 00102ddc40708GENaMEGUAMALbMEGUAMALcLITd2023-02-08l0oP JAR1pGUA000857r2023-02-08 00:00:00tEj.1w2023-02-08yBKLIT 00102ddc40708GENaMECUBARRbMECUBARRcLITd2023-08-02l0oP JAR1pCUB01904r2023-08-02 20:35:39tEj.1w2023-08-02yBKLIT